Carles Pi Sunyer, Joan Mascaró : Correspondència (1939-1951) / edició a cura de Francesc Vilanova Correspondència (1939-1951) / edició a cura de Francesc Vilanova
Descripción Física:
140 p. ; 20'5 cm
Colección:
Biblioteca Carles Pi Sunyer
Otros Autores:
Vilanova, Francesc
MARC
| LEADER | 00000nam a2200000Ia 4500 | ||
|---|---|---|---|
| 001 | 10745 | ||
| 008 | 160829s1994 xx 000 0 cat d | ||
| 080 | |a M-2-271 | ||
| 100 | 1 | |a Pi i Sunyer, Carles, |d 1888-1971 |9 55456 | |
| 245 | |a Carles Pi Sunyer, Joan Mascaró : |b Correspondència (1939-1951) / edició a cura de Francesc Vilanova | ||
| 260 | |a Barcelona : |b Fundació Carles Pi Sunyer d'Estudis Autonòmics i Locals, |c 1994 | ||
| 300 | |a 140 p. ; |c 20'5 cm | ||
| 490 | |a Biblioteca Carles Pi Sunyer | ||
| 650 | |a Pi i Sunyer, Carles |x Epistolaris |9 37504 | ||
| 650 | |a Mascaró, Joan |x Epistolaris |9 33143 | ||
| 650 | |a Exiliats |x Catalunya |x 1939/1975 |x Reculls d'escrits |9 33144 | ||
| 700 | |a Vilanova, Francesc |e editor literari |9 37678 | ||
| 710 | 1 | |a Fundació Carles Pi i Sunyer d'Estudis Autonòmics i Locals |9 52753 | |
| 901 | |a Arxiu | ||
| 942 | |n 1 |2 udc | ||
| 952 | |0 0 |1 0 |4 0 |6 M2271 |7 1 |9 46211 |a Arxiu |b Arxiu |d 2016-12-01 |l 0 |o M-2-271 |p 10745 |r 2016-12-01 00:00:00 |w 2016-12-01 |y ARXIU | ||
| 999 | |c 49713 |d 49713 | ||